000 01020nam a22002651u 4500
001 05793
003 HDC
007 cr bn ---
008 210121p xx fo d 00 engg
040 _aHDC
100 _aDr. Hani Mansour Al-Mazeedi
_96115
245 0 _aInternational Conference on Halal Pharmaceutical and Health Products :
_bFatwas on Pharmaceutical and Health Care Products: Comments and Clarifications /
_cby Dr. Hani Mansour Al-Mazeedi
260 _a[No place] :
_b[publisher not identified]
_c2011
300 _a50 pages :
_bIllustrations
336 _atext
_2rdacontent
337 _acomputer
_2rdamedia
338 _aonline resource
_2rdacarrier
650 _aHalal industry
_9144
650 _aHalal Pharmaceutical
_94162
650 _aHealth products
_96116
856 _zRequest full-text at [email protected]
942 _2lcc
942 _cSLIDE
942 _kSLID 000605
999 _c3117
_d3117